Welcome to CU Library Online Public Access Catalogue (OPAC)

The mosaic of Christian belief : (Record no. 6943)

MARC details
000 -LEADER
fixed length control field 00781cam a22002414a 4500
001 - CONTROL NUMBER
control field 22346913
005 - DATE AND TIME OF LATEST TRANSACTION
control field 20250712155937.0
006 - FIXED-LENGTH DATA ELEMENTS--ADDITIONAL MATERIAL CHARACTERISTICS
fixed length control field m |o d |
007 - PHYSICAL DESCRIPTION FIXED FIELD--GENERAL INFORMATION
fixed length control field cr |||||||||||
008 - FIXED-LENGTH DATA ELEMENTS--GENERAL INFORMATION
fixed length control field 020510s2002 ilu ob 001 0 eng
020 ## - INTERNATIONAL STANDARD BOOK NUMBER
International Standard Book Number 9780830877270
Qualifying information ebook
020 ## - INTERNATIONAL STANDARD BOOK NUMBER
Canceled/invalid ISBN 0830826955 (US : alk. paper)
020 ## - INTERNATIONAL STANDARD BOOK NUMBER
Canceled/invalid ISBN 0851117821 (UK : alk. paper)
050 00 - LIBRARY OF CONGRESS CALL NUMBER
Classification number BT77
082 00 - DEWEY DECIMAL CLASSIFICATION NUMBER
Classification number 230
Edition information 21
100 1# - MAIN ENTRY--PERSONAL NAME
Personal name Olson, Roger E.
245 14 - TITLE STATEMENT
Title The mosaic of Christian belief :
Remainder of title twenty centuries of unity and diversity /
Statement of responsibility, etc. Roger E. Olson.
260 ## - PUBLICATION, DISTRIBUTION, ETC.
Place of publication, distribution, etc. Downers Grove, Ill. :
Name of publisher, distributor, etc. InterVarsity Press ;
Place of publication, distribution, etc. Leicester, England :
Name of publisher, distributor, etc. Apollos,
Date of publication, distribution, etc. c2002.
300 ## - PHYSICAL DESCRIPTION
Extent 1 online resource (367 p.)
650 #0 - SUBJECT ADDED ENTRY--TOPICAL TERM
Topical term or geographic name entry element Theology, Doctrinal
Form subdivision Popular works.
650 #0 - SUBJECT ADDED ENTRY--TOPICAL TERM
Topical term or geographic name entry element Evangelicalism.
942 ## - ADDED ENTRY ELEMENTS (KOHA)
Source of classification or shelving scheme Library of Congress Classification
Koha item type Books
Suppress in OPAC No
999 ## -
-- 6943
-- 6943
Holdings
Withdrawn status Lost status Source of classification or shelving scheme Damaged status Not for loan Collection Home library Current library Shelving location Date acquired Total checkouts Full call number Barcode Date last seen Copy number Price effective from Koha item type
    Library of Congress Classification     Non-fiction Undergraduate Library (Christ Temple) Undergraduate Library (Christ Temple) General stacks 07/12/2025   BT77.O28 OLS ulct00003817 07/12/2025 1 07/12/2025 Books
© 2023-2024 Copyright: Central University Libraries. All Rights Reserved | Created by: Mahone Tech Office